| 000 | 01036cam a2200325 i 4500 | ||
|---|---|---|---|
| 999 |
_c22804 _d9465 |
||
| 001 | 22804 | ||
| 003 | TR-AnTOB | ||
| 005 | 20211216093939.0 | ||
| 007 | ta | ||
| 008 | 041102s1996 tu a b 000 0 tur d | ||
| 035 | _aTR-AnTOB)22804 | ||
| 040 |
_aTR-AnTOB _beng _erda _cTR-AnTOB |
||
| 041 | 0 | _atur | |
| 050 |
_aQA303 _b.K371 1996 |
||
| 090 |
_aQA303 _b.K371 1996 |
||
| 100 | 1 |
_aKaradeniz, Ahmet A. _eauthor _916230 |
|
| 245 | 1 | 0 |
_aYüksek matematik problemleri : _b545 çözümlü 1380 problem / _cAhmet A. Karadeniz. |
| 250 | _aOnuncu baskı. | ||
| 264 | 1 |
_aİstanbul : _bÇağlayan Kitabevi, _c1996. |
|
| 300 |
_a457 pages : _billustrations ; _c24 cm |
||
| 336 |
_atext _btxt _2rdacontent |
||
| 337 |
_aunmediated _bn _2rdamedia |
||
| 338 |
_avolume _2rdacarrier _bnc |
||
| 504 | _aIncludes bibliographical references. | ||
| 650 | 7 |
_aMatematik _vProblemler, alıştırmalar vb. _2etuturkob _985783 |
|
| 650 | 7 |
_aHesap _vProblemler, alıştırmalar vb. _2 _921151 |
|
| 902 | _a0009072 | ||
| 942 |
_cBK _2lcc |
||